| Tag |
First Indicator |
Second Indicator |
Subfields |
| LEADER |
00000pam a2200000 a 4500 |
| 001 |
in00001690421 |
| 005 |
20151024144944.0 |
| 008 |
020529s2002 dcub b 001 0 eng |
| 010 |
|
|
|a 2002008094
|
| 020 |
|
|
|a 1574884433 (acid-free paper) :
|c $27.95
|
| 035 |
|
|
|a (OCoLC)ocm50090120
|
| 040 |
|
|
|a DLC
|c DLC
|d IG#
|d UtOrBLW
|
| 042 |
|
|
|a pcc
|
| 043 |
|
|
|a a-ja---
|
| 049 |
|
|
|a TXAM
|
| 050 |
0 |
0 |
|a D810.S7
|b M43 2002
|
| 082 |
0 |
0 |
|a 940.54/88752
|2 21
|
| 100 |
1 |
|
|a Mercado, Stephen C.
|
| 245 |
1 |
4 |
|a The shadow warriors of Nakano :
|b a history of the Imperial Japanese Army's elite intelligence school /
|c Stephen C. Mercado.
|
| 250 |
|
|
|a 1st ed.
|
| 264 |
|
1 |
|a Washington, D.C. :
|b Brassey's,
|c [2002]
|
| 264 |
|
4 |
|c ©2002
|
| 300 |
|
|
|a xix, 331 pages :
|b map ;
|c 23 cm.
|
| 336 |
|
|
|a text
|b txt
|2 rdacontent
|
| 337 |
|
|
|a unmediated
|b n
|2 rdamedia
|
| 338 |
|
|
|a volume
|b nc
|2 rdacarrier
|
| 504 |
|
|
|a Includes bibliographical references (pages [275]-319) and index.
|
| 610 |
2 |
0 |
|a Nakano Gakkō (Japan)
|x History.
|
| 650 |
|
0 |
|a World War, 1939-1945
|x Military intelligence
|z Japan.
|
| 650 |
|
0 |
|a Military intelligence
|z Japan
|x History
|y 20th century.
|
| 945 |
|
|
|i PromptCat
|
| 948 |
|
|
|a cataloged
|b h
|c 2002/8/27
|d c
|e cmulkey
|f 3:05:45 pm
|
| 994 |
|
|
|a 92
|b TXA
|
| 999 |
|
|
|a MARS
|
| 999 |
f |
f |
|s 2de809e3-7267-3275-96d6-3f5a8c58509b
|i 99c15996-5b20-3a52-ab36-f24e50d71f21
|t 0
|
| 952 |
f |
f |
|p ric
|a Texas A&M University
|b Rellis Campus
|c Joint Library Facility
|d Remote Storage
|t 0
|e D810.S7 M43 2002
|h Library of Congress classification
|i unmediated -- volume
|m A14829037958
|
| 998 |
f |
f |
|a D810.S7 M43 2002
|t 0
|l Remote Storage
|